00677nam a22002057a 450000500170000001000130001702000230003003500130005303700160006604000120008208200190009424501190011326000480023227000510028030000210033149000300035265000340038265000420041670000130045820170124110248.0 aB-121533 c875.00a8176293199 aB-121533 bCen Lib/Ret aDPLbEN a362.11068bHOS aHospital managerial services :bhospital administration in the 21st century /cedited by S. L. Goel [and] R. Kumar aNew DelhibDeep and Deep Publicationsc2004 aF-159, Rajouri Garden bNew Delhie110027 a379p. c25cm(Hb) aManagement of hospitalv4 aHospitals -- Administration.  aHospitals -- India -- Administration. aR. Kumar